00884nam a2200265 i 4500001000300000100002000003245008200023260004400105300002800149504001400177650002800191650002300219650004900242650003500291020001500326040000800341041001100349080002800360920001800388942000700406008004100413999001700454856009800471952004900569bg1 aPATER, Zbigniew10aWalcowanie poprzeczno-klinowe odkuwek osiowo-symetrycznych /cZbigniew Pater. aLublin :bPolitechnika Lubelska,c2001. a164 s. :bil. ;c24 cm. aBibliogr. 9aWalcowaniextechnologia 9aWalcowaniexteoria 9aMetoda elementów skończonychxstosowanie 9aSystemy ekspertowexstosowanie a8388110489 cBPK0 aplben a621.77:539.3:519.61/.64 a83-88110-48-9 cKS s pl f |000 0 pol  c40892d40892 uhttp://koha.tu.koszalin.pl/cgi-bin/koha/opac-detail.pl?biblionumber=40892yKatalog online BPK 00104070aBPKbBPKcwo62986p01675504yKS